=LDR 00000nam 2200000 4500 =001 000137 =020 $9786232936812 =082 $920.000 =100 $Wiwid Wijayanto =245 $Seri pahlawan nasional Cut Nyak Dien =250 $Cetakan I =264 $Yogyakarta: Diva Press 2022 =300 $40 halaman; 24 cm. =650 $Sejarah =905 $920 WIW s =336 $$a =337 $$a =338 $$a =005 20260702151432.0 =008 260702s2026\\\\\\\\\\\\\\\\\\\\\\\\\\\\\\\\\\\\\\\\\